A Review of recent developments in the second economy in Tanzania / (Record no. 13866)
[ view plain ]
| 000 -LEADER | |
|---|---|
| fixed length control field | 00689nam a22002172 4500 |
| 001 - CONTROL NUMBER | |
| control field | 0000023489 |
| 005 - DATE AND TIME OF LATEST TRANSACTION | |
| control field | 20151217155912.0 |
| 008 - FIXED-LENGTH DATA ELEMENTS--GENERAL INFORMATION | |
| fixed length control field | 130124s xx 000 0 eng d |
| 020 ## - INTERNATIONAL STANDARD BOOK NUMBER | |
| International Standard Book Number | 9966900004 : |
| 040 ## - CATALOGING SOURCE | |
| Original cataloging agency | KABU |
| Transcribing agency | KABU |
| 100 1# - MAIN ENTRY--PERSONAL NAME | |
| Personal name | Bagachwa, M. S. D. |
| -- | 0000182908 |
| 245 12 - TITLE STATEMENT | |
| Title | A Review of recent developments in the second economy in Tanzania / |
| Statement of responsibility, etc. | M. S. D. Bagachwa and A. Nano. |
| 250 ## - EDITION STATEMENT | |
| Edition statement | 1st ed. |
| 260 ## - PUBLICATION, DISTRIBUTION, ETC. (IMPRINT) | |
| Place of publication, distribution, etc. | Nairobi : |
| Name of publisher, distributor, etc. | AERC, |
| Date of publication, distribution, etc. | 1994. |
| 300 ## - PHYSICAL DESCRIPTION | |
| Extent | 29 p. |
| 650 #0 - SUBJECT ADDED ENTRY--TOPICAL TERM | |
| Topical term or geographic name as entry element | Informal Sector (Economics) |
| Geographic subdivision | Tanzania. |
| -- | 0000182909 |
| 700 1# - ADDED ENTRY--PERSONAL NAME | |
| Personal name | Naho, A. |
| -- | 0000182910 |
| 852 1# - LOCATION | |
| -- | p200 KES |
| 908 ## - PUT COMMAND PARAMETER (RLIN) | |
| Put command parameter | 130124 |
| 950 ## - LOCAL HOLDINGS (RLIN) | |
| -- | 1 |
| Withdrawn status | Lost status | Source of classification or shelving scheme | Not for loan | Home library | Current library | Date acquired | Total Checkouts | Full call number | Barcode | Date last seen | Price effective from | Koha item type |
|---|---|---|---|---|---|---|---|---|---|---|---|---|
| Library of Congress Classification | Kabarak, Main Campus | Kabarak, Main Campus | 17/12/2015 | HD2346 T3M34 1994 c. 1 | 014285 | 17/12/2015 | 17/12/2015 | Africana Collection |